000 00821nam a2200253Ia 4500
003 OSt
005 20220923224311.0
006 a|||||r|||| 00| 0
007 ta
008 220922b |||||||| |||| 00| 0 hin d
024 _a230,646
037 _cTextual
040 _aARTS
_cARTS
_bhin
041 _2hin
_ahin
082 _aO152,1J58:g, N8
100 _aव्यास, श्याम सुन्दर
245 0 _aरसखान
246 _aRasakhāna
260 _aनई दिल्ली
_b साहित्य अकादमी
_c1998
300 _a58पृ.
_ccm.
490 _aभारतीय साहित्य के निर्माता
942 _hO152,1J58:g, N8
_cTEXL
_2CC
999 _c370482
_d370482